L'enigma dell'omosessualità /

Uloženo v:
Podrobná bibliografie
Hlavní autor: Amado Lévy-Valensi, Éliane, (1919-2006) (Autor)
Další autoři: Chiale, Liliana
Médium: Kniha
Jazyk:italština
Vydáno: Assisi : Cittadella, 1976
Edice:Religione e scienze umane
Tagy: Přidat tag
Žádné tagy, Buďte první, kdo vytvoří štítek k tomuto záznamu!

MARC

LEADER 00000nam a22000007i 4500
001 IT\ICCU\TO0\0593677
003 ItRI
005 20250711143015.0
008 980102s1976 it |||||| ||||| |||||c
015 |2 IT  |a S9-173 
040 |b ita  |c ct 
041 7 |a ita  |2 ISO-639-2 
100 1 |a Amado Lévy-Valensi, Éliane,  |d  (1919-2006)  |0 IT\ICCU\MILV\009479  |4 aut 
240 1 3 |a Le Grand desarrol aux racines de l'enigme homosexuelle.  |9 Amado Lévy-Valensi, Éliane <1919-2006> 
245 1 2 |a L'enigma dell'omosessualità /  |c Eliane Amado Lévy-Valensi. 
260 |a Assisi :  |b Cittadella,  |c 1976 
300 |a 178 p. ;  |c 20 cm 
500 |a Traduzione di Liliana Chiale. 
700 1 |a Chiale, Liliana  |0 IT\ICCU\SBLV\188492 
830 0 |a Religione e scienze umane  |0 IT\ICCU\MIL\0166335 
942 |2 ddc  |c BK 
952 |0 0  |1 0  |2 ddc  |4 0  |6 B_SSR03AMAELENI11  |7 1  |9 4633  |a MI  |b MI  |d 1987-06-21  |i 239  |l 0  |o B-SSR03-AMAEL-ENI11  |p CDOM239  |r 2025-07-04 21:34:31  |w 2025-07-04  |x DONO  |y BK 
981 1 |6 z01  |a i   |b xxxe  
982 1 |6 z01  |a n 
999 |c 4009  |d 4009